| 000 | 01341cam a2200409 i 4500 | ||
|---|---|---|---|
| 001 | 21679767 | ||
| 003 | OSt | ||
| 005 | 20230605105212.0 | ||
| 008 | 200819s2019 ii ab bs 000 0 eng | ||
| 010 | _a 2020302326 | ||
| 020 |
_a9789966102065 _q(set ; _qpaperback) |
||
| 020 |
_a0190124156 _q(set ; _qpaperback) |
||
| 020 |
_z9780190990893 _q(eBook) |
||
| 020 |
_z0190990899 _q(eBook) |
||
| 040 |
_aDLC _beng _erda _cDLC _dDLC |
||
| 042 | _apcc | ||
| 043 | _aa-ii--- | ||
| 050 | 0 | 0 |
_aHC435.4 _b.E26 2019 |
| 082 | 0 | 0 |
_a330.997 _bKEN |
| 245 | 0 | 0 | _aEconomic survey 2018 |
| 264 | 1 |
_aNairobi _bKenya National Bureau of Statistics _c2018 |
|
| 300 |
_a316 p: _bcolor illustrations, color maps ; _c30 cm |
||
| 336 |
_atext _btxt _2rdacontent |
||
| 337 |
_aunmediated _bn _2rdamedia |
||
| 338 |
_avolume _bnc _2rdacarrier |
||
| 500 | _aCorrigendum | ||
| 500 | _aIncludes Table of Contents | ||
| 504 | _aIncludes bibliographical references. | ||
| 530 | _aAlso available as an e-book. | ||
| 651 | 0 |
_aIndia _xEconomic conditions _y21st century. |
|
| 651 | 0 |
_aIndia _xEconomic conditions _y21st century _vStatistics. |
|
| 651 | 0 |
_aIndia _xEconomic policy _y1991- |
|
| 710 | 1 |
_aIndia. _bDepartment of Publication. |
|
| 906 |
_a7 _bcbc _corigres _d2 _encip _f20 _gy-gencatlg |
||
| 942 |
_2ddc _cBK |
||
| 999 |
_c273 _d273 |
||